000 01298cam a22004214i 4500
003 PE-LiUPU
005 20250731172928.0
008 150617s1966 r 000 0 eng d
035 _a(Sirsi) a204173
040 _aPE-LiUPU
_bspa
_cPE-LiUPU
_erda
049 _aPRUA
082 0 4 _a227.2
_bM86
_221
100 1 _aMorgan Campbell, G.,
_eautor.
245 1 4 _aThe Corinthian letters of Paul :
_bAn exposition of I and II Corinthians /
_cG. Campbell Morgan, D.D.
264 1 _aUSA :
_bFleming,
_c1966.
300 _a275 páginas ;
_c20 centímetros.
336 _atext
_2rdacontent
337 _aunmediated
_2rdamedia
338 _avolume
_2rdacarrier
505 0 _aI Corinthians -- II Corinthians.
526 _aSEG42
526 _aSEG41
526 _aSEG40
526 _aSEG39
526 _aP94
526 _aP87
526 _aP86
526 _aP85
526 _aP77
526 _aP76
526 _aP35
650 0 4 _aCorintios.
942 _2ddc
_cBOOK
994 _aC0
_bPEPRU
596 _a1
999 _a227.2 M86
_wLC
_c20548
_i76035
_f2021-11-9
_g4
_lCCODEBUL1
_mBUL
_p10.00
_r0
_sY
_tBOOK
_u2017-5-31
_xTEOLOGIA
_PP85
_0COMPRA
_o.STAFF. Colección Teología
_d20548
980 _81
_gALBERTO SANCHEZ Responsable de Automatización